00888 2200193 4500001002100000005001500021035002000036008004100056245004300097100001700140250000600157260003300163300001200196084001400208082000800222650001000230520044200240990001200682INLIS00000000000112520240522090146 a0010-0524000360240522 0 ind 1 aIjinkan Aku Mencintaimu /cMaria Celia aCelia, Maria a1 aJakarta :bBintang Indonesia a128 hlm a813 MAR i a813 4aFiksi aRambut yang panjang bergelombang, berkilauan saat terkena sinar matahari. Wajahnya yang cantik, semakin tampak jelita karena ditunjang oleh bulu mata lentik, bola mata bulat bening, hidung mancung, bibir tipis, dan dagu yang runcing. Dia akan semakin mempesona bila sedang tersenyum, karena sepasang senyum pipit akan muncul di kedua sudut bibirnya. Belum lagi gigi gingsulnya, yang jika tersenyum akan terlihat menambah manis senyumnya. a0744103